000 00281nam a22001217a 4500
020 _a0-600-41254-7
082 _a629.2506 SEA'D
100 _aSEALE, J. N
_974887
245 _aDIESEL ENGINES QUESTIONS & ANSWER
260 _aENGLAND
_bNEWNES
_c1976
300 _a128P
942 _cBK
999 _c581426
_d581426